| 000 | 00958nam a22002777i 4500 | ||
|---|---|---|---|
| 003 | EG-ScBUE | ||
| 005 | 20221120045541.0 | ||
| 008 | 220731s1997 ua f 000 0 ara d | ||
| 017 | _a97 / 7954 | ||
| 020 | _a9770153052 | ||
| 040 |
_aEG-ScBUE _bara _erda _cEG-ScBUE _dEG-ScBUE |
||
| 082 | 0 | 4 |
_222 _a809 _bع ن ا |
| 100 | 1 |
_aعناني، محمد، _d1939- _eمؤلف. |
|
| 245 | 1 | 2 |
_aالأدب وفنونه / _cد. محمد عناني. |
| 264 | 1 |
_a[القاهرة] : _bالهيئة المصرية العامة للكتاب، _c1997. |
|
| 300 |
_a157 صفحة ؛ _c18 سم. |
||
| 336 |
_2rdacontent _aنص _btxt |
||
| 337 |
_2rdamedia _aبدون وسيط _bn |
||
| 338 |
_2rdacarrier _aمجلد _bnc |
||
| 490 | 0 |
_aمكتبة الأسرة. _aالأعمال الفكرية |
|
| 541 | _aBook from store. | ||
| 650 | 7 |
_aالأدب _xتاريخ ونقد. _2BUEsh |
|
| 653 |
_bARALIT _cNovember2022 |
||
| 655 | _vReading book | ||
| 942 | _2ddc | ||
| 999 |
_c29987 _d29958 |
||